| 000 | 00474nam a2200193 a 4500 | ||
|---|---|---|---|
| 001 | 1761368409903 | ||
| 003 | ACL | ||
| 005 | 20251025103145.0 | ||
| 008 | 251025s2002##################000#0#eng## | ||
| 020 | _a9780793148370 | ||
| 082 | 0 | 4 |
_a658.575 _bSTR |
| 100 | 1 |
_aStrauss, Steven D., _eauthor. |
|
| 245 | 1 | 0 | _aThe Big Idea : |
| 260 |
_bKaplan Business, _c2002. |
||
| 300 | _a229 pages | ||
| 650 | 0 | _aBusiness & Economics. | |
| 942 | _cENGLISH | ||
| 040 |
_aACL _beng _cACL |
||
| 999 |
_c593556 _d593556 |
||